[Event "Osijek-Baranja CupT 11th"]
[Site "Nasice"]
[Date "2018.02.18"]
[Round "4.4"]
[White "Pintaric, Ivica"]
[Black "Sulc, Gordana"]
[Result "1-0"]
[WhiteElo "1949"]
[BlackElo "1862"]
[PlyCount "91"]
[EventDate "2018.02.16"]
[EventType "team-swiss"]
[EventRounds "5"]
[EventCountry "CRO"]
[SourceTitle "EXT 2023"]
[Source "ChessBase"]
[SourceDate "2022.10.05"]
[SourceVersion "1"]
[SourceVersionDate "2022.10.05"]
[SourceQuality "1"]
[WhiteTeam "Velimirovac Radnik"]
[BlackTeam "Djakovo III"]
[WhiteTeamCountry "CRO"]
[BlackTeamCountry "CRO"]

1. e4 c5 2. b3 Nc6 3. g3 d5 4. Bg2 dxe4 5. Bxe4 Nf6 6. Bxc6+ bxc6 7. f3 Qd4 8. Nc3 Ba6 9. Nge2 Qd7 10. d3 Rd8 11. 0-0 h5 12. h4 Qf5 13. Qe1 Nh7 14. Ne4 f6 15. f4 c4 16. bxc4 Bxc4 17. Nf2 Be6 18. Nc3 Bd5 19. Qe3 Rd7 20. Rb1 g6 21. Rb8+ Kf7 22. Ra8 Qe6 23. Rxa7 Qxe3 24. Bxe3 Rxa7 25. Bxa7 e6 26. Rb1 e5 27. Rb8 Ke6 28. fxe5 Kxe5 29. Nxd5 cxd5 30. d4+ Ke6 31. Nd3 Bg7 32. Rxh8 Bxh8 33. Nf4+ Kf5 34. Nxd5 g5 35. Ne7+ Ke6 36. Bc5 Bg7 37. d5+ Kd7 38. Nf5 Bh8 39. Kf2 Ke8 40. Ke3 Kf7 41. a4 Bg7 42. Nxg7 Kxg7 43. a5 gxh4 44. gxh4 f5 45. a6 Nf6 46. Bd4 1-0

[Event "Osijek-Baranja CupT 11th"]
[Site "Nasice"]
[Date "2018.02.17"]
[Round "3.2"]
[White "Buric, Danijel"]
[Black "Pintaric, Ivica"]
[Result "1/2-1/2"]
[WhiteElo "2157"]
[BlackElo "1949"]
[PlyCount "95"]
[EventDate "2018.02.16"]
[EventType "team-swiss"]
[EventRounds "5"]
[EventCountry "CRO"]
[SourceTitle "EXT 2023"]
[Source "ChessBase"]
[SourceDate "2022.10.05"]
[SourceVersion "1"]
[SourceVersionDate "2022.10.05"]
[SourceQuality "1"]
[WhiteTeam "Belisce"]
[BlackTeam "Velimirovac Radnik"]
[WhiteTeamCountry "CRO"]
[BlackTeamCountry "CRO"]

1. d4 f5 2. Bg5 Nf6 3. Nc3 e6 4. e4 fxe4 5. f3 Be7 6. fxe4 0-0 7. Nf3 c6 8. Bd3 Ne8 9. h4 d6 10. e5 c5 11. exd6 Nxd6 12. dxc5 Nf5 13. Bxf5 exf5 14. Qd5+ Qxd5 15. Nxd5 Bxg5 16. hxg5 Re8+ 17. Kf2 Na6 18. Rae1 Be6 19. Nc3 Nxc5 20. Re5 b6 21. Rhe1 Bd7 22. Nd4 g6 23. Rxe8+ Rxe8 24. Rxe8+ Bxe8 25. b4 Na6 26. Nd5 Bf7 27. Ne7+ Kf8 28. Nec6 Bxa2 29. c3 Nc7 30. Nxa7 Nd5 31. Nab5 h6 32. gxh6 Kg8 33. g4 fxg4 34. Kg3 Kh7 35. Kxg4 Kxh6 36. Kf3 Bb1 37. Ke2 g5 38. Nc6 Kh5 39. c4 Nf6 40. Nc3 Bf5 41. Ne7 Be6 42. c5 bxc5 43. bxc5 Kh4 44. c6 Kh3 45. c7 g4 46. Ncd5 Nxd5 47. Nxd5 Bc8 48. Ne3 1/2-1/2

[Event "Osijek-Baranja CupT 11th"]
[Site "Nasice"]
[Date "2018.02.17"]
[Round "2.1"]
[White "Pintaric, Ivica"]
[Black "Tarakcija, Hazim"]
[Result "1-0"]
[WhiteElo "1949"]
[BlackElo "2204"]
[PlyCount "97"]
[EventDate "2018.02.16"]
[EventType "team-swiss"]
[EventRounds "5"]
[EventCountry "CRO"]
[SourceTitle "EXT 2023"]
[Source "ChessBase"]
[SourceDate "2022.10.05"]
[SourceVersion "1"]
[SourceVersionDate "2022.10.05"]
[SourceQuality "1"]
[WhiteTeam "Velimirovac Radnik"]
[BlackTeam "Osijek 2017"]
[WhiteTeamCountry "CRO"]
[BlackTeamCountry "CRO"]

1. e4 c5 2. b3 Nf6 3. e5 Nd5 4. g3 g6 5. Bg2 Nc7 6. Bb2 Bg7 7. Qe2 Nc6 8. f4 d6 9. Nf3 Ne6 10. c3 dxe5 11. fxe5 0-0 12. 0-0 b6 13. Na3 Bb7 14. Rad1 Qd7 15. Nc2 Rad8 16. d3 h6 17. Rfe1 Nc7 18. h4 Ba6 19. c4 Ne6 20. Kh2 Qc7 21. a3 Bb7 22. Bc3 a5 23. Rd2 Ncd4 24. Bxd4 cxd4 25. b4 h5 26. Rdd1 Bc6 27. Rb1 Ba4 28. Rb2 Bxc2 29. Rxc2 Bh6 30. Qe4 Be3 31. Nd2 Kg7 32. Nf1 Bh6 33. Rb2 Rb8 34. Qe2 Kg8 35. Bd5 Ng7 36. e6 fxe6 37. Bxe6+ Kh7 38. Qe4 Nxe6 39. Qxe6 Rbe8 40. Rbe2 Bg7 41. Kg2 Rf6 42. Qe4 Qd6 43. Nh2 axb4 44. axb4 Qxb4 45. Nf3 Qd6 46. Ng5+ Kh8 47. Qb7 Bf8 48. Re6 Qb8 49. Qe4 1-0

[Event "Osijek-Baranja CupT 10th"]
[Site "Nasice"]
[Date "2017.02.19"]
[Round "5.3"]
[White "Pintaric, Ivica"]
[Black "Mravunac, Branko"]
[Result "0-1"]
[WhiteElo "2006"]
[BlackElo "1970"]
[PlyCount "72"]
[EventDate "2017.02.17"]
[EventType "team-swiss"]
[EventRounds "5"]
[EventCountry "CRO"]
[SourceTitle "EXT 2019"]
[Source "ChessBase"]
[SourceDate "2018.10.10"]
[SourceVersion "1"]
[SourceVersionDate "2018.10.10"]
[SourceQuality "1"]

1. e4 g6 2. Bc4 c6 3. Bb3 d6 4. d4 Nf6 5. Qd3 Bg7 6. c3 0-0 7. h3 a5 8. Ne2 a4 9. Bc2 Nxe4 10. Qd1 d5 11. Bxa4 e5 12. 0-0 Qh4 13. Bc2 f5 14. f3 Ng3 15. Nxg3 Qxg3 16. f4 exd4 17. Rf3 Qh4 18. cxd4 Nd7 19. Be3 Qe7 20. Nd2 Nf6 21. Bf2 Ne4 22. Nb3 b6 23. a3 Ba6 24. Bd3 Bc4 25. Bf1 Rae8 26. Be1 Qa7 27. Bc3 b5 28. Nc1 Re6 29. Kh2 Rfe8 30. a4 Nxc3 31. bxc3 Re1 32. Qc2 Bxf1 33. Ra3 Bc4 34. Qb2 Bf8 35. Ra1 bxa4 36. Na2 R8e2 0-1

[Event "Osijek-Baranja CupT 10th"]
[Site "Nasice"]
[Date "2017.02.17"]
[Round "1.3"]
[White "Pintaric, Ivica"]
[Black "Loncar, Marko"]
[Result "1-0"]
[WhiteElo "2006"]
[BlackElo "1821"]
[PlyCount "45"]
[EventDate "2017.02.17"]
[EventType "team-swiss"]
[EventRounds "5"]
[EventCountry "CRO"]
[SourceTitle "EXT 2019"]
[Source "ChessBase"]
[SourceDate "2018.10.10"]
[SourceVersion "1"]
[SourceVersionDate "2018.10.10"]
[SourceQuality "1"]

1. e4 e5 2. Nc3 Nf6 3. f4 Nc6 4. fxe5 Nxe5 5. d4 Nc6 6. e5 Ng8 7. Nf3 d6 8. Bb5 Bd7 9. 0-0 dxe5 10. Bxc6 Bxc6 11. d5 Bc5+ 12. Kh1 Bd7 13. Nxe5 Nf6 14. Bg5 Be7 15. Bxf6 Bxf6 16. Nxd7 Qxd7 17. Re1+ Kf8 18. Ne4 Be7 19. Rf1 Rd8 20. c4 f5 21. g4 g6 22. gxf5 Kf7 23. fxg6+ 1-0

[Event "CRO-chT3 East-A"]
[Site "Croatia"]
[Date "2005.04.03"]
[Round "3.1"]
[White "Cajzler, Hinko"]
[Black "Pintaric, Ivica"]
[Result "0-1"]
[WhiteElo "2205"]
[BlackElo "2057"]
[PlyCount "128"]
[EventDate "2005.03.13"]
[EventType "team-tourn"]
[EventRounds "11"]
[EventCountry "CRO"]
[SourceTitle "EXT 2007"]
[Source "ChessBase"]
[SourceDate "2006.11.23"]
[SourceVersion "1"]
[SourceVersionDate "2006.11.23"]
[SourceQuality "1"]
[WhiteTeam "Belisac"]
[BlackTeam "Velimirovac"]
[WhiteTeamCountry "CRO"]
[BlackTeamCountry "CRO"]

1. d4 Nf6 2. Nf3 g6 3. Bg5 Bg7 4. Nbd2 d6 5. e3 0-0 6. h3 b6 7. Be2 Bb7 8. 0-0 c5 9. c3 Qc7 10. a4 Nbd7 11. Re1 e5 12. dxe5 dxe5 13. Qb3 h6 14. Bh4 Ne4 15. Nxe4 Bxe4 16. Red1 Nf6 17. Bg3 Rfe8 18. Rd2 Rac8 19. Qc4 Bc6 20. Bh2 Ne4 21. Rdd1 Qe7 22. Qb3 Ng5 23. Nxg5 Qxg5 24. Bg3 h5 25. h4 Qe7 26. Bc4 Bf6 27. Rd2 Rc7 28. Rad1 Bxh4 29. Bxf7+ Qxf7 30. Qxf7+ Kxf7 31. Bxh4 Bxa4 32. Ra1 Bb3 33. e4 Ke6 34. Bg3 a5 35. Re1 b5 36. Re3 a4 37. Red3 b4 38. Rd6+ Kf7 39. cxb4 cxb4 40. Rb6 g5 41. f3 h4 42. Bf2 Rc4 43. Be3 g4 44. Rd7+ Re7 45. Rxe7+ Kxe7 46. Rxb4 Rc2 47. fxg4 Rxb2 48. Rb6 Re2 49. Bc5+ Kd7 50. Kh2 Rxe4 51. Kh3 Rc4 52. Bf8 Rc2 53. Kxh4 Rxg2 54. Kg5 e4 55. Bc5 Kc7 56. Kf4 Bd1 57. Kxe4 a3 58. Ra6 a2 59. g5 Rg4+ 60. Kf5 Ba4 61. Bd6+ Kb7 62. Be5 Bd7+ 63. Kf6 Kxa6 64. g6 Ba4 0-1